000
00281nam a22001217a 4500
008
171024b xxu||||| |||| 00| 0 eng d
041
_a
eng
080
_2
3 ED
_a
311
100
_a
55
101
_a
STA
245
_a
WORK SHOP STATISTICS DISCOVERY
_c
ROSSMAN.AJ
942
_2
udc
_c
BK
999
_c
35634
_d
35634